Quizzes
Events
Quiz Creation
Community
Videos
Private Events
Remove Ads
Sign In
Join for FREE
Feedback
Dark Mode
Quiz Categories
Sports
Geography
Music
Movies
Television
Just For Fun
Miscellaneous
History
Literature
Language
Science
Gaming
Entertainment
Religion
Holiday
For Kids
Quiz Lab
Recent
Popular Today
Quiz Kudos Today
Editor Picks
Curator Picks
Quizzes by...
Day
Popularity
Type
Ratings
Length
Year
Community
Subscriptions
Recent Discussions
Orange Saloon
Badges
Playlists
Quests
Create
Leaderboards
Showdown
Live 5
Trivia Bingo
Activity
Puzzle Library
Sporcle Events
Private Events
Virtual Trivia
Globe League
Become a Host
Pub Owners
SporcleCon
Opinionation
Our Games
Videos
Blog
Mobile Apps
Partnerships
Remove Ads and Go Orange
Feedback
Sports
Athletes
MLB
NBA
NHL
NFL
Soccer
Sports Teams
WWE
NCAA
Football
Premier League
Basketball
Baseball
Hockey
Golf
Tennis
Cricket
Rugby
Auto Racing
Olympics
World Cup
Sports
Athletes
MLB
NBA
NHL
NFL
Soccer
Sports Teams
WWE
NCAA
Football
Premier League
Basketball
Baseball
Hockey
Golf
Tennis
Cricket
Rugby
Auto Racing
Olympics
World Cup
Random Quiz
Search Sporcle
×
Quiz Lab
Quiz Lab
Sports
Video Games
Type in answers that appear in a list
Type in answers that appear in a list
Classic
Best Score? Go Orange.
Top 25 Goalkeepers in FIFA 14 Stats
Can you name the Top 25 Goalkeepers in FIFA 14
By
vectori
6m
25 Questions
2,723 Plays
2,723 Plays
2,723 Plays
Comments
Comments
Give Quiz Kudos
Give Quiz Kudos
-
- Ratings
hide this ad
Replay
Link that replays current quiz
Next Quiz
Link to next quiz in quiz playlist
You Got
0%
They Got
Avg Score
67%
Avg Friend Score
Upgrade to see
Score Distribution
Jump to the score distribution portion of the page
Score
0/25
Timer
06:00
0
Plays Today
Hint
Answer
% Correct
Bayern Munich
Manuel Neuer
97.8%
Juventus
Gianluigi Buffon
97.6%
Real Madrid
Iker Casillas
95.9%
Chelsea
Petr Cech
95.8%
Tottenham Hotspur
Hugo Lloris
91.3%
Machester City
Joe Hart
89.7%
Manchester United
David De Gea
89.2%
Barcelona
Victor Valdes
84.5%
Atletico Madrid
Thibaut Courtois
80.6%
Queens Park Rangers
Julio Cesar
72.3%
Borussia Dortmund
Roman Weidenfeller
70.2%
Paris Saint-
Germain
Salvatore Sirigu
69.5%
Internazionale
Samir Handanovic
68.8%
Hint
Answer
% Correct
Marseille
Steve Mandanda
67.3%
CSKA Moskva
Igor Akinfeev
66.5%
Napoli
Pepe Reina
66.2%
Real Madrid
Diego Lopez
62.2%
Stoke City
Asmir Begovic
59%
Swansea City
Michel Vorm
56.8%
Galatasaray
Fernando Muslera
49.3%
Hamburg
Rene Adler
46.1%
Lazio
Federico Marchetti
41.5%
Saint-
Etienne
Stephane Ruffier
39.4%
Botafogo
Jefferson
22.4%
Bordeaux
Cedric Carrasso
17.7%
Quiz Playlist
Details
Report
Send in Message
Add To Playlist
Classic:
Type in answers that appear in a list
Last Updated: Feb 27, 2019
Quiz Scoreboard
CHALLENGE
Sign Up to Join the Scoreboard
Show All
Scores
Hide
Comments
May contain spoilers
Recently Published
Women Country Music Singer Match-Up
by babymonkee
Music
5m
TV Characters by Other Roles V
by ghcgh
Television
5m
Decade Duel: World Leaders
by jenniferyan
History
4m
More to Explore
Quiz From the Vault
Featured Blog Post
15 Basketball Trivia Facts You Can Be March Mad About
hide this ad
You Might Also Like...
Tags
Soccer Quiz
Video Games Quiz
FIFA
Goalkeeper
Today's Top Quizzes in Sports
Browse Sports
hide this ad
Today's Top Quizzes in Video Games
Browse Video Games
Top Contributed Quizzes in Sports
1
MLB 2 truths and a lie: Hall of Fame pitchers
2
Les joueurs à 100 buts en Ligue 1 Uber Eats
3
2022 World Cup Stars
4
Pick 6: NFL Teams
5
Pick 6: Minor League Baseball
6
Millionaire: NBA Finals Edition
7
50+ Goals in European Competition
8
Click the 1998 NBA Draft
9
Pick 6: Olympics
10
Iconic Moments in Football - Multiple Choice
Explore More
Trending Topics
Marvel
NBA
Disney
Anime
Harry Potter
Kpop
Crossword
Song
Puzzle
NFL
Soccer
The Office
WWE
Country
Pokémon
hide this ad
More By:
vectori
Quiz
Plays
Rating
Category
Featured
Created
Top 25 Goalkeepers in FIFA 14
2,723
4.50
Sports
Oct 13, 2013
Go to Creator's Profile
Score Distribution
Quiz Creator Spotlight
vectori
Follow
Send a Message
Quizzes Created
-
Created Quiz Play Count
-
More By This Creator
Popular Quizzes Today
1
Countries of Asia Without Outlines Minefield
2
Find the US States - No Outlines Minefield
3
Pick 6: Fruits
4
The Countries of the World
5
Find the Countries of Europe - No Outlines Minefield
6
Alphabetical 'K' Countries by Flag Minefield
7
Find the US States
8
US States
More Sports Quizzes
Invisible NHL Teams
Published
Trending Quizzes
Pick 6: Mountains
Pick 6: Harry Potter
Pick 6: NFL Teams
Pick 6: Flags
C Names for Actors
Recently Updated
Adaptations: Name the Title
pecheneg
NWSL Teams
pecheneg
Women's Final Four Teams by Year
bhenderson79
Presidents Quartet II
eogle
Anything But Clue(do)
eogle
Anything But Oceanian Capitals
eogle
Anything But 7
eogle
Anything But Thing
eogle
Word Ladder: February 29
pecheneg
Song Title Questions
pecheneg
Trending Topics
Kpop
Anime
Crossword
Harry Potter
NBA
Marvel
Disney
Country
WWE
NFL
The Office
Puzzle
Soccer
Song
Pokémon
Your Account Isn't Verified!
In order to create a playlist on Sporcle, you need to verify the email address you used during registration. Go to your
Sporcle Settings
to finish the process.
Report this User
Report this user for behavior that violates our
Community Guidelines
.
Details:
Send Report
Go to the Sporcle.com Mobile Site →
Comments